000 00652nam a2200217 u 4500
001 76422
005 20260428104631.0
008 960313s1920 fre
035 _a76422
035 _a(OCoLC)778210777
040 _ccomduadb
041 _afre
082 4 _a113
100 1 0 _aMaritain, Jacques,
_d1882-1973
_4aut
_0(isni)0000 0001 2098 8923
_0(viaf)7393855
_eaut
_9268872
245 1 0 _aLa philosophie de la nature : esai critique sux frontieres er son objet
250 _a3. ED.
260 _aFrancia :
_bPierre Tequi,
_c1920.
300 _a146 páginas
650 7 _aFilosofía de la naturaleza
_2lemb
_9177156
942 _cBOOK
999 _c10468
_d10468